000 00677nam a2200241Ia 4500
003 OSt
005 20220918220612.0
006 a|||||r|||| 00| 0
007 ta
008 220917b |||||||| |||| 00| 0 eng d
024 _a146,505
037 _cTextual
040 _aARTS
_cARTS
_beng
041 _2eng
_aeng
082 _aY41(M7):1.252.N, N7
100 _aMehta Deepak
_917314
245 0 _aWork ritual biography
_b A muslim community in North India
260 _aDelhi
_bOxford Univeristy Press
_c1997
300 _axi, 283p.
_ccm.
650 _aSOCIOLOGY
942 _hY41(M7):1.252.N, N7
_cTEXL
_2CC
999 _c269261
_d269261